Computer communications and networks
Saved in:
| Main Author: | |
|---|---|
| Format: | Book |
| Language: | English |
| Published: |
New York :
IEEE Press,
c1996
|
| Edition: | 2nd ed. |
| Subjects: | |
| Tags: |
Add Tag
No Tags, Be the first to tag this record!
|
MARC
| LEADER | 00000nam a2200000 i 4500 | ||
|---|---|---|---|
| 001 | 1/7683 | ||
| 008 | 000622s1996 eng d | ||
| 020 | |a 0-7803-1179-5 | ||
| 035 | |l 10062375 | ||
| 040 | |a GR-MY-UA |b gre |e aacr | ||
| 041 | 0 | |a eng | |
| 082 | 0 | |a 004.6 | |
| 100 | 1 | |a Freer, John R. | |
| 245 | 1 | 0 | |a Computer communications and networks / |c John R. Freer |
| 250 | |a 2nd ed. | ||
| 260 | |a New York : |b IEEE Press, |c c1996 | ||
| 300 | |a v, 394 p.; |b ill.; |c 26 cm. | ||
| 504 | |a Includes bibliographical references and index | ||
| 650 | 0 | 0 | |a Computer networks. |
| 852 | |a INST |b SAMOS |e 20001031 |h 004.6 FRE |p 005300018464 |q 005300018464 |t BK |y 0 | ||
| 852 | |a INST |b SAMOS |e 20001031 |h 004.6 FRE |p 005300018465 |q 005300018465 |t BK |y 0 | ||
| 852 | |a INST |b SAMOS |e 20001031 |h 004.6 FRE |p 005300018466 |q 005300018466 |t BK |y 0 | ||
| 852 | |a INST |b SAMOS |e 20001031 |h 004.6 FRE |p 005300018467 |q 005300018467 |t BK |y 0 | ||
| 852 | |a INST |b SAMOS |e 20001031 |h 004.6 FRE |p 005300018474 |q 005300018474 |t BK |y 0 | ||
| 852 | |a INST |b SAMOS |e 20001031 |h 004.6 FRE |p 005300018475 |q 005300018475 |t BK |y 0 | ||
| 852 | |a INST |b SAMOS |e 20000622 |h 004.6 FRE |p 005300019664 |q 005300019664 |t BK |y 0 | ||
| 852 | |a INST |b SAMOS |e 20000622 |h 004.6 FRE |p 005300019665 |q 005300019665 |t BK |y 0 | ||
| 852 | |a INST |b SAMOS |e 20000622 |h 004.6 FRE |p 005300019666 |q 005300019666 |t BK |y 0 | ||
| 852 | |a INST |b SYROS |e 20000622 |h 004.6 FRE |p 005500000366 |q 005500000366 |t BK |y 0 | ||
| 901 | |a BIBL3-2000-2 | ||
| 909 | |a Σ |b 079124 | ||
| 909 | |a Σ |b 079125 | ||
| 909 | |a Σ |b 079126 | ||
| 909 | |a Σ |b 079951 | ||
| 909 | |a Σ |b 079950 | ||
| 909 | |a Σ |b 079949 | ||
| 909 | |a Σ |b 079948 | ||
| 909 | |a Σ |b 079947 | ||
| 909 | |a Σ |b 079946 | ||
| 909 | |a Ε |b 079127 | ||
| 922 | |a 3ΕΛΗ |b 200002 |c ΤΠΕΣ/ΠΟΛ |d LEADER | ||
| 922 | |a 5ΕΛΗ |b 200002 |c ΤΠΕΣ/ΠΟΛ |d LEADER | ||
| 970 | |a ΠΟΥΡΝΑΡΑΣ |b ΔΗΜΗΤΡΗΣ |z 2000/06/22 | ||